000 00206nam a2200085Ia 4500
008 120527s9999 xx 000 0 und d
100 _aEdwards, et al
245 _aAccounting II A programmed text
942 _cBK
999 _c27084
_d27084